• 首页
  • 本馆介绍
  • 公告通知
  • 最新文献
  • 馆藏检索
  • 电子资源
  • 读者导购
  • 参考咨询
  • 我的图书馆
  • 登录
  • 详细信息显示
  • 放入我的书架
  • 预约/预借图书
  • 作者相关作品
  • 分类相关作品
  • 丛书相关作品
  • 出版社相关作品

书目信息

  • 表格格式
  • 工作单格式
  • 卡片格式
题名:
国际对接:中国教育的樊篱与跨越
    
 
作者: 周明星 主编 ;孙可娜 撰稿
分册:  
出版信息: 天津   天津教育出版社  2002
页数: 368页
开本: 20cm
丛书名:
单 册:
中图分类: F743 , G52
科图分类:
主题词: 教育工作
电子资源:
ISBN: 7-5309-3624-7
000 00911nam0 2200265 450
001 1558697213
005 20150129161841.87
010    @a7-5309-3624-7@dCNY22.00
100    @a20030303d2002 em y0chiy0110 ea
101 0  @achi
102    @aCN@b120000
105    @ay z 000yy
200 1  @a国际对接:中国教育的樊篱与跨越@9guo ji dui jie : zhong guo jiao yu de fan li yu kua yue@f周明星主编@g孙可娜等撰稿
210    @a天津@c天津教育出版社@d2002
215    @a368页@d20cm
330    @a本书作者用国际化的眼光对教育的现状进行审视,对中国入世后教育国际化可能引发的价值冲突以及模糊这些冲突的路向等进行了比较分析。
601 0  @a世界贸易组织@x影响@x教育工作@y中国
601 0  @a世界贸易组织
606 0  @a教育工作
690    @aF743@v5
690    @aG52@v5
701  0 @a周明星@9zhou ming xing@f(1957~)@4主编
702  0 @a孙可娜@9sun ke na@c(女)@4撰稿
801  0 @aCN@bTSSF@c20150129
905    @aZUCC@dF743@eJY1
    
    国际对接:中国教育的樊篱与跨越/周明星主编/孙可娜等撰稿.-天津:天津教育出版社,2002
    368页;20cm
    
    
    ISBN 7-5309-3624-7:CNY22.00
    本书作者用国际化的眼光对教育的现状进行审视,对中国入世后教育国际化可能引发的价值冲突以及模糊这些冲突的路向等进行了比较分析。
●
相关链接 在E读中查询图书 在五车中查询图书 在当当中查询图书 在豆瓣中查询图书


正题名:国际对接:中国教育的樊篱与跨越     索取号:F743/JY1         预约/预借

序号 登录号 条形码 馆藏地/架位号 状态 备注
1 7861063   278610638   学院路分馆/ [索取号:F743/JY1] 在馆    
唐山师范学院图书馆 欢迎您!
大连网信软件有限公司© 版权所有